Sąsiedzi sąsiadów Mauretanii - Statystyki

Ogólne statystyki
  • Ten quiz został rozwiązany 20 razy
  • Średni wynik to 8 z 9
Statystyki odpowiedzi
Odpowiedź % Poprawnych
Niger
100%
Wybrzeże Kości Słoniowej
100%
Burkina Faso
95%
Gwinea
95%
Libia
95%
Gwinea Bissau
90%
Gambia
85%
Tunezja
85%
Hiszpania
65%
Nie znaleziono quizów pasujących do podanych kryteriów
Rozkład punktacji
Procent ludzi z każdym wynikiem
Percentyl według liczby udzielonych odpowiedzi
Twoja historia wyników
Nie rozwiązałeś tego quizu